Live Aid 1985 Musical Acts - Statistics

General Stats
  • This quiz has been taken 341 times
  • The average score is 89 of 185
Answer Stats
Location Song Musical Act % Correct
Wembley Stadium, London Ay-Oh | Bohemian Rhapsody | Crazy Little Thing Called Love | +4 others Queen
100%
Wembley Stadium, London Bennie and the Jets | Can I Get a Witness | Don't Go Breaking My Heart | +3 others Elton John
96%
Wembley Stadium, London Every Breath You Take | Long Long Way to Go Sting / Phil Collins
94%
John F. Kennedy Stadium, Philadelphia | Wembley Stadium, London Against All Odds (Take a Look at Me Now) | In the Air Tonight Phil Collins
90%
John F. Kennedy Stadium, Philadelphia California Girls | Good Vibrations | Help Me, Rhonda | +2 others The Beach Boys
88%
Wembley Stadium, London Driven to Tears | Message in a Bottle | Roxanne Sting
86%
Wembley Stadium, London Let It Be Paul McCartney
85%
John F. Kennedy Stadium, Philadelphia Cuts Like a Knife | Kids Wanna Rock | Summer of '69 | Tears Are Not Enough Bryan Adams
83%
Wembley Stadium, London Money for Nothing | Sultans of Swing Dire Straits
82%
Wembley Stadium, London Love, Reign o'er Me | My Generation | Pinball Wizard | Won't Get Fooled Again The Who
81%
Wembley Stadium, London Bad | Sunday Bloody Sunday U2
81%
Wembley Stadium, London Heroes | Modern Love | Rebel Rebel | TVC 15 David Bowie
79%
John F. Kennedy Stadium, Philadelphia Holiday | Into the Groove | Love Makes the World Go Round Madonna
79%
John F. Kennedy Stadium, Philadelphia Rock and Roll | Stairway to Heaven | Whole Lotta Love Led Zeppelin
78%
John F. Kennedy Stadium, Philadelphia Layla | She's Waiting | White Room Eric Clapton
74%
John F. Kennedy Stadium, Philadelphia Children of the Grave | Iron Man | Paranoid Black Sabbath
73%
John F. Kennedy Stadium, Philadelphia Footloose Kenny Loggins
63%
John F. Kennedy Stadium, Philadelphia Ballad of Hollis Brown | Blowin' in the Wind | When the Ship Comes In Bob Dylan / Keith Richards / Ronnie Wood
62%
John F. Kennedy Stadium, Philadelphia Ain't Too Proud to Beg | Get Ready | Maneater | +3 others Hall & Oates
61%
John F. Kennedy Stadium, Philadelphia A View to a Kill | Save a Prayer | The Reflex | Union of the Snake Duran Duran
59%
John F. Kennedy Stadium, Philadelphia Don't You (Forget About Me) | Ghost Dancing | Promised You a Miracle Simple Minds
53%
Wembley Stadium, London Come Back and Stay | Do They Know It's Christmas? | Everytime You Go Away | That's the Way Love Is Paul Young
51%
John F. Kennedy Stadium, Philadelphia Helpless | Nothing Is Perfect (In God's Perfect Plan) | Powderfinger | +2 others Neil Young
50%
Wembley Stadium, London Drag Me Down | I Don't Like Mondays | Rat Trap The Boomtown Rats
50%
John F. Kennedy Stadium, Philadelphia Drive | Heartbeat City | Just What I Needed | You Might Think The Cars
48%
John F. Kennedy Stadium, Philadelphia Caribbean Queen | Loverboy Billy Ocean
47%
Wembley Stadium, London Do They Know It's Christmas? Band Aid
46%
John F. Kennedy Stadium, Philadelphia Can't Fight This Feeling | Roll with the Changes REO Speedwagon
46%
John F. Kennedy Stadium, Philadelphia American Girl | Rebels | Refugee | The Waiting Tom Petty and the Heartbreakers
43%
John F. Kennedy Stadium, Philadelphia We Are the World USA for Africa
39%
Wembley Stadium, London Caroline | Don't Waste My Time | Rockin' All Over the World Status Quo
37%
John F. Kennedy Stadium, Philadelphia It's Only Rock 'n Roll (But I Like It) (Reprise) | Just Another Night | Lonely at the Top | +2 others Mick Jagger
36%
John F. Kennedy Stadium, Philadelphia Back on the Chain Gang | Message of Love | Middle of the Road | +2 others Pretenders
36%
Wembley Stadium, London Only When You Leave | True | Virgin Spandau Ballet
36%
Wembley Stadium, London Dancing with Tears in My Eyes | One Small Day | Reap the Wild Wind | Vienna Ultravox
36%
John F. Kennedy Stadium, Philadelphia Southern Cross | Suite: Judy Blue Eyes | Teach Your Children Crosby, Stills and Nash
32%
John F. Kennedy Stadium, Philadelphia Bernadette | I Can't Help Myself (Sugar Pie, Honey Bunch) | It's the Same Old Song | +2 others Four Tops
30%
John F. Kennedy Stadium, Philadelphia Jam Master Jay | King of Rock Run–D.M.C.
29%
Wembley Stadium, London Is It a Crime? | Why Can't We Live Together | Your Love Is King Sade
28%
Wembley Stadium, London Boys and Girls | Jealous Guy | Sensation | Slave to Love Bryan Ferry
26%
John F. Kennedy Stadium, Philadelphia Living After Midnight | The Green Manalishi (With the Two-Pronged Crown) | You've Got Another Thing Comin' Judas Priest
25%
Wembley Stadium, London Don Quixote | The Riddle | Wide Boy | Wouldn't It Be Good Nik Kershaw
24%
John F. Kennedy Stadium, Philadelphia Hold Me Now | Revolution Thompson Twins
24%
Wembley Stadium, London Is This the World We Created...? Freddie Mercury / Brian May
17%
Wembley Stadium, London Hide and Seek Howard Jones
16%
Wembley Stadium, London Big Boss Groove | Internationalists | Walls Come Tumbling Down! | You're the Best Thing The Style Council
16%
John F. Kennedy Stadium, Philadelphia All You Zombies | And We Danced The Hooters
15%
John F. Kennedy Stadium, Philadelphia Madison Blues | The Sky Is Crying | Who Do You Love? George Thorogood and the Destroyers
11%
John F. Kennedy Stadium, Philadelphia Human Touch | Love Somebody | State of the Heart Rick Springfield
11%
John F. Kennedy Stadium, Philadelphia Reach Out and Touch (Somebody's Hand) | Solid Ashford & Simpson
9%
Wembley Stadium, London All You Need Is Love Elvis Costello
9%
John F. Kennedy Stadium, Philadelphia Amazing Grace | We Are the World Joan Baez
9%
John F. Kennedy Stadium, Philadelphia Forever Young | Imagine | New Attitude | +3 others Patti LaBelle
9%
John F. Kennedy Stadium, Philadelphia Get It On | Murderess The Power Station
9%
Wembley Stadium, London Vive Le Rock Adam Ant
7%
John F. Kennedy Stadium, Philadelphia Brotherhood | By the Pool | Open Invitation | +2 others Santana
6%
John F. Kennedy Stadium, Philadelphia Daylight Again | Find the Cost of Freedom | Only Love Can Break Your Heart Crosby, Stills, Nash & Young
5%
John F. Kennedy Stadium, Philadelphia All I Really Want to Do | Interview Bernard Watson
3%
Wembley Stadium, London God Save the Queen | Royal Salute Coldstream Guards
3%
No matching quizzes found
Score Distribution
Percent of People with Each Score
Percentile by Number Answered
Your Score History
You have not taken this quiz